Incorporación de los laboratorios en el proceso enseñanza-aprendizaje para la comprensión teórico-práctica de física/María Celeste Belén Rosario, Yazmín Belén Bautista y Rosa Mística Martínez Castro. ; asesor Victor José Galán Céspedes (Registro nro. 18856)
[ vista simple ]
| 000 -LEADER | |
|---|---|
| fixed length control field | 01202nam a22002411a 4500 |
| 001 - CONTROL NUMBER | |
| control field | 18856 |
| 003 - CONTROL NUMBER IDENTIFIER | |
| control field | OSt |
| 005 - DATE AND TIME OF LATEST TRANSACTION | |
| control field | 20260204212424.0 |
| 008 - FIXED-LENGTH DATA ELEMENTS--GENERAL INFORMATION | |
| fixed length control field | 181012s2018||||dr ||||||b||||||||||spa|| |
| 090 ## - LOCALLY ASSIGNED LC-TYPE CALL NUMBER (OCLC); LOCAL CALL NUMBER (RLIN) | |
| Classification number (OCLC) (R) ; Classification number, CALL (RLIN) (NR) | EDU-MF 2018 B35 |
| 100 1# - ASIENTO PRINCIPAL -- NOMBRE PERSONAL | |
| Personal name | Belén Rosario, María Celeste |
| Relator term | sustentante |
| 245 1# - TÍTULO PROPIAMENTE DICHO: SUBTÍTULO | |
| Title | Incorporación de los laboratorios en el proceso enseñanza-aprendizaje para la comprensión teórico-práctica de física/María Celeste Belén Rosario, Yazmín Belén Bautista y Rosa Mística Martínez Castro. ; asesor Victor José Galán Céspedes |
| 260 ## - PUBLICATION, DISTRIBUTION, ETC. | |
| Place of publication, distribution, etc. | Cotuí, República Dominicana : |
| Name of publisher, distributor, etc. | UTECO, |
| Date of publication, distribution, etc. | 2018 |
| 300 ## - PHYSICAL DESCRIPTION | |
| Extensión | 70 hojas : |
| Other physical details | Ilustraciones ; |
| Dimensions | 28cm. |
| 502 ## - THESIS NOTE | |
| Dissertation note | Trabajo de grado (Educación mención Matemática y Física)--Universidad Tecnológica del Cibao Oriental, 2018 |
| 504 ## - BIBLIOGRAPHY, ETC. NOTE | |
| Bibliography, etc. note | Incluye referencia bibliográfica e índice<br/> |
| 650 #4 - ASIENTO SECUNDARIO DE MATERIA -- TERMINO TOPICO | |
| Asiento secundario de materia | Incorporación de los laboratorios en el proceso enseñanza |
| 700 1# - ASIENTO SECUNDARIO -- NOMBRE PERSONAL | |
| Personal name | Belén Bautista, Yazmín |
| Relator term | sustentante |
| 700 1# - ASIENTO SECUNDARIO -- NOMBRE PERSONAL | |
| Personal name | Martínez Castro, Rosa Mística |
| Relator term | sustentante |
| 700 1# - ASIENTO SECUNDARIO -- NOMBRE PERSONAL | |
| Personal name | Galán Céspedes, Victor José |
| Relator term | asesor |
| 830 ## - ASIENTO SECUNDARIO DE SERIE - TÍTULO UNIFORME | |
| Uniform title | Tesis y disertaciones académicas (Universidad Tecnológica del Cibao Oriental) |
| 942 ## - ADDED ENTRY ELEMENTS (KOHA) | |
| Source of classification or shelving scheme | Clasificación Local |
| Koha item type | Tesis |
| Withdrawn status | Lost status | Source of classification or shelving scheme | Damaged status | Not for loan | Collection code | Home library | Current library | Shelving location | Date acquired | Inventory number | Full call number | Barcode | Date last seen | Copy number | Price effective from | Koha item type |
|---|---|---|---|---|---|---|---|---|---|---|---|---|---|---|---|---|
| Clasificación Local | Préstamo Interno | Trabajos de Grado e Investigación | Biblioteca UTECO | En Estantería | 09/09/2019 | ET-2018-067 | EDU-MF 2018 B35 | ET-2018-067 | 09/09/2019 | Ej.1 | 09/09/2019 | Tesis |
